01295 a2200193 45000010006000000050017000060080041000230030015000640400040000790800105001192450108002240200022003322640070003543000019004245050594004430410008010371000022010457000034010676292420260407155923.0260407a2005 arg spa dAR-UNSa-BCEJYS aAR-UNSa-BCEJYSbspacAR-UNSa-BCEJYS a304.4xAspectos generales de las políticas y prácticas sociales y culturales (política social)10aGestión social y municipiospDe los escritorios del Banco Mundial a los barrios del Gran Buenos Aires a978-987-574-041-9 1aLos Polvorines :bUniversidad Nacional de General Sarmientoc2005 a231 p.c21 cm. a1. Contexto y perspectiva del análisis - 2. El rol de los organismos multilaterales de crédito. Diseño y gestión de políticas públicas – 3. Un modelo para armar el estado y la política social. Los lineamientos del Banco Mundial – 4. Las coordenadas del análisis: los programas – 5. La gestión social local en el conurbano bonaerense: limitaciones, potencialidades y conflictos emergentes – 6. Escenario local: caracterización del municipio “Los Tilos” – 7. El “promin” en el municipio. ¿Caja de herramientas o locomotora de política sanitaria? -  aspa1 aChiara, Magdalena1 aDi Virgilio, María Mercedes